000
00298nam a22001217a 4500
008
170131b xxu||||| |||| 00| 0 eng d
041
_a
eng
080
_2
2ND
_a
61
100
_a
3
101
_a
SHMI
245
_a
THE VACCINE HANDBOOK: A PRACTICAL GUIDE FOR CLINICIANS
_c
MARSHAL, G.S
942
_2
udc
_c
BK
999
_c
4088
_d
4088